000 00442nam a2200181Ia 4500
003 GCL
008 140319s9999 xx 000 0 eng d
040 _aGCL /
_cGCL
082 0 4 _a415
_bT B
100 1 _aTHOMAS, LINDA
245 1 0 _aBEGINNING SYNTAX /
_cTHOMAS, LINDA
260 _a[S.N] :
_bBLACKWELL PUBLISHERS ،
_c1993
300 _a209 P
650 0 4 _aCOMPARTIVE SYNTAX
650 0 4 _aGRAMMAR
650 0 4 _aSYNTAX
942 _2ddc
_cBK
999 _c23564
_d23564